000 00513nam a2200193Ia 4500
005 20250508151759.0
008 008 250505s9999 xx 000 0 hin d
020 _a81-7110-067-8
037 _aTextual
040 _aFEDL
_beng
_cFEDL
041 _ahin
_2eng
084 _a891.434, SHA
_qFEDL
100 _aSharma Ramdhan
_9759974
245 0 _aSahitya suman
260 _aDelhi, India
_bYoungman and Company
300 _a166p.
942 _cTEXL
_h891.434, SHA
999 _c1332112
_d1332112